000 00430nam a2200145 4500
001 113924
003 ES-MaACL
005 20230906190033.0
007 t|
008 061121s1910 sp r ||||1| spa d
100 1 _aNorero, Agustín.
_985978
245 1 0 _aEnsayo sobre la agricultura del Ecuador
_b: el cacao y su cultivo /
_cAgustín Norero.
260 _aMadrid :
_bVictoriano Suárez,
_c1910.
852 _aES-MaACL
_jT-1230-F-10
999 _c113924
_d113924